Understanding US and European environmental law : a practitioner's guide

Αποθηκεύτηκε σε:
Λεπτομέρειες βιβλιογραφικής εγγραφής
Άλλοι συγγραφείς: Smith, Turner T. (Επιμελητής έκδοσης), Kromarek, Pascale (Επιμελητής έκδοσης)
Μορφή: Βιβλίο
Γλώσσα:English
Δημοσίευση: London : Graham and Trotman, 1989
Σειρά:International environmental law and policy series
Θέματα:
Ετικέτες: Προσθήκη ετικέτας
Δεν υπάρχουν, Καταχωρήστε ετικέτα πρώτοι!

MARC

LEADER 00000nam a2200000 i 4500
001 1/99641
008 950404s1989 eng d
020 |a 1-85333-305-0 
035 |l 10011385 
040 |a GR-MY-UA  |b gre  |e aacr 
041 0 |a eng 
082 0 |a 344.73046 
245 1 0 |a Understanding US and European environmental law :  |b a practitioner's guide /  |c edited by Turner T. Smith and Pascale Kromarek 
260 |a London :   |b Graham and Trotman,   |c 1989 
300 |a 176 p. 
490 1 |a International environmental law and policy series 
504 |a Includes index  
650 0 0 |a Environmental law  |z United States  |x Congresses. 
650 0 0 |a Environmental law  |z Europe  |x Congresses. 
650 0 0 |a Environmental law  |z European Economic Community countries  |x Congresses. 
700 1 |a Smith, Turner T.  |4 edt 
700 1 |a Kromarek, Pascale.  |4 edt 
830 0 |a International environmental law and policy series 
852 |a INST  |b LESVOS  |e 19950404  |h 344.73046 UND  |p 005100001871  |q 005100001871  |t BK  |y 0 
909 |a Λ  |b 039629